Statistics for Guess the Lyrics #61

Click here to take the quiz!

General Stats

  • This quiz has been taken 660 times
    (209 since last reset)
  • The average score is 211 of 498

Answer Stats

Lyrics% Correct
(I
97%
I
97%
A
93%
a
93%
Yo
93%
(The
90%
the
90%
you
90%
You
90%
he
78%
He
78%
love
77%
when
77%
And
76%
and
76%
be
76%
me
76%
it
75%
It
75%
on
75%
to
75%
is
72%
in
71%
In
71%
we
71%
We
71%
Your
71%
your
71%
(Ha
68%
ha,
68%
My
68%
my
68%
no
65%
Then
63%
then
63%
of
62%
what
61%
for
60%
that
60%
her
58%
I'm
55%
this
55%
Could
54%
how
53%
don't
51%
like
51%
not
51%
there
50%
too
50%
want
50%
see,
49%
see
49%
time
49%
by
48%
his
46%
know...
46%
know
46%
us
46%
us)
46%
all
45%
day
44%
day,
44%
oh
44%
just
42%
life
41%
With
41%
with
41%
got
40%
had
40%
Never
40%
was
40%
did
39%
man
38%
think
38%
Yeah,
38%
Yeah
38%
But
37%
Every
35%
every
35%
now
34%
off
32%
head
30%
I've
30%
woman
30%
girl
29%
more
28%
thing
28%
said,
27%
right
25%
about
24%
About
24%
that's
24%
(That's
24%
That's
24%
any
23%
'Cause
23%
didn't
23%
knew
23%
old
23%
really
23%
face
21%
something
21%
(Aw,
20%
long
20%
big
19%
find
19%
Hey,
19%
into
19%
someone
19%
beast
18%
came
18%
die?
17%
Hold
17%
hold
17%
dad,
15%
times,
15%
times
15%
father
14%
what's
14%
around
13%
care
13%
told
13%
waiting
13%
Waiting
13%
(Waiting
13%
open
12%
ain't
11%
Dead
11%
keep
11%
might
11%
she'd
11%
(She'd
11%
blue
10%
change
10%
'em
10%
feet
10%
used
10%
blood,
7%
fought
7%
huge
7%
mess,
7%
pray
7%
worry
7%
across
6%
awful
6%
chicken-
6%
chicken
6%
corner,
6%
door
6%
drop
6%
duck
6%
duck-
6%
Forty-nine
6%
forty-nine
6%
picture
6%
ride
6%
ripped
6%
screaming
6%
sick
6%
woman's
6%
behind
5%
boards,
5%
bushes
5%
cow)
5%
dad's
5%
double
5%
drained
5%
fact,
5%
floors?)
5%
floors
5%
flower
5%
hobo
5%
honkey
5%
milk
5%
photo
5%
rad!)
5%
something's
5%
Something's
5%
spilt
5%
suns,
5%
aunt
4%
awesome)
4%
bodies
4%
Bushes of Love - Bad Lip Reading
4%
cooking's
4%
desert,
4%
desert
4%
farming
4%
glide
4%
horizon
4%
macro-binoculars
4%
Moisture
4%
poppin')
4%
probably
4%
sipping
4%
speeder
4%
tonk
4%
tonk)
4%
uncle,
4%
wagon
4%
bake
3%
Crispy
3%
hiding
3%
hmm
2%
pile
2%
scrap
2%

Score Distribution

Percentile by Number Answered

Percent of People with Each Score

Your Score History

You have not taken this quiz since the last reset